Theistic Buddhism
| Main Author: | |
|---|---|
| Format: | Book |
| Published: |
New Delhi :
Global Vision Publishing House ,
2004
|
| Subjects: |
MARC
| LEADER | 00000cam a2200000 7i4500 | ||
|---|---|---|---|
| 001 | 0000039185 | ||
| 005 | 20131212.0 | ||
| 008 | 131212 | ||
| 020 | |a 8182200067 | ||
| 090 | 0 | 0 | |a 294.35 |b NIT |
| 100 | 1 | |a Nithiyanandam, V | |
| 245 | 1 | 0 | |a Theistic Buddhism |c V. Nithiyanandam |
| 260 | |a New Delhi : |b Global Vision Publishing House , |c 2004 | ||
| 650 | 0 | |a Buddhism |x Doctrines | |
| 650 | 0 | |a Buddhist ethics | |
| 999 | |a 0001257460 |b Book |c Adult Collection |e Perbadanan Perpustakaan Awam Johor | ||
| 999 | |a 0001292402 |b Book |c REFERENCE |e Perbadanan Perpustakaan Awam Johor | ||